000
00247 a2200109 4500
001
3110
082
_a
621.3192 BOG
090
_c
2392
_d
2392
100
_a
Bogart, JF
245
_a
Electronis Circuits, 2/e
260
_a
singapore
_b
Glencel
_c
1992
942
_a
NUST-CAE
_k
621.3192 BOG
999
_c
238183
_d
238183